Normal view
MARC view
- Electrochemistry.
Entry Topical Term
001 - CONTROL NUMBER
- control field: 10797
003 - CONTROL NUMBER IDENTIFIER
- control field: NUST
005 - DATE AND TIME OF LATEST TRANSACTION
- control field: 20180601074733.0
008 - FIXED-LENGTH DATA ELEMENTS
- fixed length control field: 180601|| aca||aabn | a|a d
040 ## - CATALOGING SOURCE
- Original cataloging agency: NUST
- Transcribing agency: NUST
150 ## - HEADING--TOPICAL TERM
- Topical term or geographic name entry element: Electrochemistry.
670 ## - SOURCE DATA FOUND
- Source citation: Work cat.: (NUST)0: Bagot︠s︡kiĭ, V. S. (Vladimir Sergeevich) 10795, Fundamentals of electrochemistry /, c2006.
